Histoire Romaine

Uloženo v:
Podrobná bibliografie
Hlavní autor: Mommsen, Teodoro Mommsen, Theodor (autor)
Médium: Kniha
Jazyk:španělština
Vydáno: París C. Marpon et E. Flammarion 1890
Témata:
Tagy: Přidat tag
Žádné tagy, Buďte první, kdo vytvoří štítek k tomuto záznamu!

MARC

LEADER 00000nam a2200000 a 4500
001 UCP4790
003 CL-VaPUC
008 990813e18900000FR |||||||||||||||||spa|d
082 0 4 |a 937  |b MOM  |2 21 
100 |a Mommsen, Teodoro  |e autor  |q Mommsen, Theodor  |9 580211 
245 1 0 |a Histoire Romaine 
300 |a v 
942 |c BK 
945 |d 19990813 00:00:00  |a lriquelm 
260 |a París  |b C. Marpon et E. Flammarion  |c 1890 
650 0 |a Historia antigua  |9 267521 
650 0 |a Civilizaciones antiguas  |9 265998 
650 0 |a Agricultura  |9 255598 
650 0 |a Religión   |9 255164 
650 0 |a Arte  |9 265238 
650 7 |a REVOLUCION  |2 CL-VaPUC  |9 338298 
650 0 |a Monarquía   |9 255259 
650 0 |a República  |9 310048 
651 0 |a Roma   |9 255106 
583 |a last modification  |c 19990813 00:00:00  |k Rodrigo Vera 
999 |c 282688  |d 282686 
952 |0 0  |1 0  |4 0  |6 937_000000000000000_MOM_1890  |7 0  |8 X  |9 324816  |a BIBHIS  |b BIBHIS  |d 2019-11-20  |h v.1  |i 1359290  |o 937 MOM 1890  |p 1359290  |r 2024-01-30  |w 2019-11-20  |y BK_X  |k HIS 
952 |0 0  |1 0  |4 0  |6 937_000000000000000_MOM_1890  |7 0  |8 X  |9 324817  |a BIBHIS  |b BIBHIS  |d 2019-11-20  |h v.2  |i 1359304  |o 937 MOM 1890  |p 1359304  |r 2024-01-30  |w 2019-11-20  |y BK_X  |k HIS 
952 |0 0  |1 0  |4 0  |6 937_000000000000000_MOM_1890  |7 0  |8 X  |9 324818  |a BIBHIS  |b BIBHIS  |d 2019-11-20  |h v.3  |i 1359312  |o 937 MOM 1890  |p 1359312  |r 2024-01-30  |w 2019-11-20  |y BK_X  |k HIS 
952 |0 0  |1 0  |4 0  |6 937_000000000000000_MOM_1890  |7 0  |8 X  |9 324819  |a BIBHIS  |b BIBHIS  |d 2019-11-20  |h v.4  |i 1359320  |o 937 MOM 1890  |p 1359320  |r 2024-01-30  |w 2019-11-20  |y BK_X  |k HIS 
952 |0 0  |1 0  |4 0  |6 937_000000000000000_MOM_1890  |7 0  |8 X  |9 324820  |a BIBHIS  |b BIBHIS  |d 2019-11-20  |h v.6  |i 1359339  |o 937 MOM 1890  |p 1359339  |r 2024-01-30  |w 2019-11-20  |y BK_X  |k HIS 
952 |0 0  |1 0  |4 0  |6 937_000000000000000_MOM_1890  |7 0  |8 X  |9 324821  |a BIBHIS  |b BIBHIS  |d 2019-11-20  |h v.7  |i 1359347  |o 937 MOM 1890  |p 1359347  |r 2024-01-30  |w 2019-11-20  |y BK_X  |k HIS